000
00203nam a2200085Ia 4500
008
170620s9999 xx 000 0 und d
100
_a
DR VIJAY LAXMI
245
0
_a
ECONOMICS AN INTRODUCTION
260
_b
CLA ALLAHABAD
260
_c
2016
999
_c
30437
_d
30437